Promis juré-Tayc - Statistiques

Statistiques générales
  • Ce quiz a été pris 44 fois
    43 depuis la dernière actualisation
  • Le résultat moyen est 194 sur 216
Statistiques - réponses
Réponse % Correct
Je
100%
je
100%
le
100%
les
100%
me
100%
On
100%
on
100%
à
96%
a
96%
de
96%
dit
96%
j'ai
96%
J'ai
96%
m'a
96%
nous
96%
promis
96%
que
96%
qu'elle
96%
se
96%
bon
93%
bonnes
93%
ça
93%
cache
93%
c'est
93%
déjà
93%
derrière
93%
doudou
93%
doute
93%
Elle
93%
elle
93%
en
93%
est
93%
Et
93%
et
93%
ils
93%
j'suis
93%
J'suis
93%
la
93%
93%
m'appelle
93%
meilleur
93%
Moi
93%
moi
93%
mon
93%
mourrais
93%
nourri
93%
ont
93%
parlé
93%
payé
93%
peur
93%
pire
93%
pour
93%
question
93%
questions
93%
répondu
93%
sa
93%
souvent
93%
toi
93%
trop
93%
tu
93%
chérie
89%
Chérie
89%
comment
89%
dans
89%
dot
89%
esprit
89%
faire
89%
Hors
89%
j'avoue
89%
mari
89%
noir
89%
prix
89%
qui
89%
repose
89%
sais
89%
sans
89%
seule
89%
son
89%
Tayc
89%
vive
89%
besoin
85%
dépendant
85%
donne
85%
du
85%
d'vos
85%
j'aime
85%
j'n'ai
85%
m'aimes
85%
n'aimeras
85%
parler
85%
pas
85%
Pose-toi
85%
quand
85%
sait
85%
savoir
85%
T'avais
85%
t'avais
85%
tient
85%
toutes
85%
avis
81%
chacun
81%
connait
81%
couple
81%
d'amour
81%
doutes
81%
fautes
81%
j'sais
81%
j'vois
81%
Mais
81%
mes
81%
plus
81%
rire
81%
votes
81%
Vous
81%
banni
78%
boucle
78%
parlez
78%
résonne
78%
voix
78%
peurs
74%
s'ennuie
74%
qu't'as
70%
qu'c'est
67%
s'était
67%
m'avais
63%
rênes
56%
Promis juré
15%
promis juré
15%
Aucun quiz correspondant
Distribution des résultats
% des personnes avec chaque résultat
Percentile par nombre de réponses
Votre historique - résultats
Vous n’avez pas pris ce quiz depuis la dernière actualisation